|
|
|
|
| LEADER |
00000cas a2200000 a 4500 |
| 001 |
vtls011623372 |
| 003 |
SK-MaSNL |
| 005 |
20260228164433.0 |
| 008 |
170411c20139999xo ar 0 0slo |
| 040 |
|
|
|a SNK
|b slo
|c SNK
|e AACR2
|
| 041 |
0 |
|
|a slo
|
| 044 |
|
|
|a xo
|c SK
|
| 072 |
|
7 |
|a 615
|x Farmácia. Farmakológia
|2 konspekt
|
| 080 |
|
|
|a 615.1
|2 2011
|
| 080 |
|
|
|a 050
|2 2011
|
| 080 |
|
|
|a 615.15
|2 2011
|
| 080 |
|
|
|a 615.2/.3
|2 2011
|
| 080 |
|
|
|a (051)-048.55
|2 2011
|
| 245 |
0 |
0 |
|a Lídri farmácie na Slovensku
|
| 260 |
|
|
|a Bratislava
|b Ecopress
|c [2013]-
|
| 260 |
3 |
|
|3 2015-
|a Bratislava
|b MAFRA Slovakia, a.s.
|
| 300 |
|
|
|a zv.
|c 30 cm
|
| 310 |
|
|
|a 1x ročne
|
| 362 |
0 |
|
|a [2013]-
|
| 500 |
|
|
|a Samostatne nepredajné
|
| 500 |
|
|
|a Popisané podľa: Č. febr. (2014)
|
| 525 |
|
|
|a Príloha: Hospodárske noviny = ISSN 1335-4701
|
| 525 |
|
|
|a Príloha: Zdravotnícke noviny = ISSN 1335-4477
|
| 650 |
0 |
7 |
|a farmácia
|2 SNKPH
|9 2467
|
| 650 |
0 |
7 |
|a farmaceuti
|2 SNKPH
|9 19512
|
| 650 |
0 |
7 |
|a lieky
|2 SNKPH
|9 2515
|
| 655 |
|
7 |
|a špecializované časopisy
|2 SNKPH
|9 70509
|
| 772 |
0 |
|
|t Hospodárske noviny
|x 1335-4701
|w vtls001468054
|
| 772 |
0 |
|
|t Zdravotnícke noviny
|x 1335-4477
|w vtls001466196
|
| 910 |
|
|
|a snk
|
| 999 |
|
|
|c 13601
|d 15531
|
| 952 |
|
|
|0 0
|1 0
|4 0
|7 0
|8 0
|a SNK
|b SNK
|d 2024-01-23
|i snk2024/1260
|l 0
|o snkČSB 6390/2021 D1
|p 17A1522532
|r 2026-02-21 19:57:59
|t č. mar.
|w 2026-02-21
|y PREZ
|
| 952 |
|
|
|0 0
|1 0
|4 0
|7 1
|8 0
|a SNK
|b SNK
|d 2022-09-21
|i snk2022/14469
|l 0
|o snkČSB 6390/2021
|p 17A1464036
|r 2026-02-21 20:02:03
|t č. mar.
|w 2026-02-21
|y NEVYP
|
| 952 |
|
|
|0 0
|1 0
|4 0
|7 0
|8 0
|a SNK
|b SNK
|d 2023-02-27
|i snk2023/3436
|l 0
|o snkČSB 6390/2020 D1
|p 17A1519819
|r 2026-02-21 20:04:16
|t č. mar.
|w 2026-02-21
|y PREZ
|
| 952 |
|
|
|0 0
|1 0
|4 0
|7 0
|8 0
|a SNK
|b SNK
|d 2023-01-30
|i snk2023/1843
|l 0
|o snkČSB 6390/2020
|p 17A1465514
|r 2026-02-21 20:10:33
|t č. mar.
|w 2026-02-21
|y PREZ
|
| 952 |
|
|
|0 0
|1 0
|4 0
|7 0
|8 0
|a SNK
|b SNK
|d 2020-07-14
|i snk2020/12616
|l 0
|o snkČSB 6390/2018
|p 17A1430822
|r 2026-02-21 22:02:06
|w 2026-02-21
|y PREZ
|
| 952 |
|
|
|0 0
|1 0
|4 0
|7 0
|8 0
|a SNK
|b SNK
|d 2017-04-11
|i snk2017/8774
|l 0
|o snkČSB 6390/2014
|p 17A1205725
|r 2026-02-21 22:04:22
|w 2026-02-21
|y PREZ
|
| 952 |
|
|
|0 0
|1 0
|4 0
|7 0
|8 0
|a SNK
|b SNK
|d 2017-04-11
|i snk2017/8775
|l 0
|o snkČSB 6390/2014 D1
|p 17A1205726
|r 2026-02-21 22:04:22
|w 2026-02-21
|y PREZ
|
| 952 |
|
|
|0 0
|1 0
|4 0
|7 0
|8 0
|a SNK
|b SNK
|d 2017-04-11
|i snk2017/8778
|l 0
|o snkČSB 6390/2015
|p 17A1205727
|r 2026-02-21 22:04:22
|w 2026-02-21
|y PREZ
|
| 952 |
|
|
|0 0
|1 0
|4 0
|7 0
|8 0
|a SNK
|b SNK
|d 2017-04-11
|i snk2017/8779
|l 0
|o snkČSB 6390/2015 D1
|p 17A1205728
|r 2026-02-21 22:04:22
|w 2026-02-21
|y PREZ
|
| 952 |
|
|
|0 0
|1 0
|4 0
|7 0
|8 0
|a SNK
|b SNK
|d 2017-04-11
|i snk2017/8780
|l 0
|o snkČSB 6390/2016
|p 17A1205729
|r 2026-02-21 22:04:22
|w 2026-02-21
|y PREZ
|
| 952 |
|
|
|0 0
|1 0
|4 0
|7 0
|8 0
|a SNK
|b SNK
|d 2017-04-11
|i snk2017/8781
|l 0
|o snkČSB 6390/2016 D1
|p 17A1205738
|r 2026-02-21 22:04:22
|w 2026-02-21
|y PREZ
|
| 952 |
|
|
|0 0
|1 0
|4 0
|7 0
|8 0
|a SNK
|b SNK
|d 2018-05-18
|i snk2018/10797
|l 0
|o snkČSB 6390/2017
|p 17A1325957
|r 2026-02-21 22:05:32
|w 2026-02-21
|y PREZ
|
| 952 |
|
|
|0 0
|1 0
|4 0
|7 0
|8 0
|a SNK
|b SNK
|d 2018-05-18
|i snk2018/10800
|l 0
|o snkČSB 6390/2017 D1
|p 17A1325958
|r 2026-02-21 22:05:32
|w 2026-02-21
|y PREZ
|
| 952 |
|
|
|0 0
|1 0
|4 0
|7 0
|8 0
|a SNK
|b SNK
|d 2020-08-26
|i snk2020/15180
|l 0
|o snkČSB 6390/2018 D1
|p 17A1431222
|r 2026-02-21 22:08:55
|w 2026-02-21
|y PREZ
|
| 952 |
|
|
|0 0
|1 0
|4 0
|7 0
|8 0
|a SNK
|b SNK
|d 2020-08-26
|i snk2020/15184
|l 0
|o snkČSB 6390/2019
|p 17A1431221
|r 2026-02-21 22:08:55
|t č. mar.
|w 2026-02-21
|y PREZ
|
| 952 |
|
|
|0 0
|1 0
|4 0
|7 0
|8 0
|a SNK
|b SNK
|d 2020-10-09
|i snk2020/18267
|l 0
|o snkČSB 6390/2019 D1
|p 17A1432275
|r 2026-02-21 22:23:03
|t č. mar.
|w 2026-02-21
|y PREZ
|